书目信息 |
| 题名: |
不懂带团队,你就自己累
|
|
| 作者: | 秋泉 编著 | |
| 分册: | ||
| 出版信息: | 长春 吉林文史出版社 2018 |
|
| 页数: | 258页 | |
| 开本: | 21cm | |
| 丛书名: | 微阅读 | |
| 单 册: | ||
| 中图分类: | C936-49 , C936 | |
| 科图分类: | ||
| 主题词: | 团队管理--管理组织学--通俗读物 | |
| 电子资源: | ||
| ISBN: | 978-7-5472-5242-0 | |
| 000 | 01068nam2 2200277 450 | |
| 001 | 2134762979 | |
| 005 | 20210104093931.48 | |
| 010 | @a978-7-5472-5242-0@dCNY35.00 | |
| 100 | @a20190107d2018 em y0chiy50 ea | |
| 101 | 0 | @achi |
| 102 | @aCN@b220000 | |
| 105 | @ay z 000yy | |
| 200 | 1 | @a不懂带团队,你就自己累@9bu dong dai tuan dui , ni jiu zi ji lei@b专著@dWithout leadership to a team, you could never be a smart manager@f秋泉编著@zeng |
| 210 | @a长春@c吉林文史出版社@d2018 | |
| 215 | @a258页@d21cm | |
| 225 | 2 | @a微阅读 |
| 308 | @a丛书第二辑 | |
| 330 | @a如何提高团队执行力,是所有管理者关心的问题。团队管理百万畅销书作者在2014年畅销的团队管理书《不会带团队,你就自己累》一书的基础上,重点讲述了团队高效执行的9个管理方法,手把手教你提高团队执行力。 | |
| 461 | 0 | @12001 @a微阅读 |
| 510 | 1 | @aWithout leadership to a team, you could never be a smart manager@zeng |
| 606 | 0 | @a团队管理@x管理组织学@j通俗读物 |
| 690 | @aC936-49@v5 | |
| 690 | @aC936@v4 | |
| 701 | 0 | @a秋泉@9qiu quan@4编著 |
| 801 | 2 | @aCN@b58marc.cn@c20190117 |
| 905 | @aZUCC@dC936@e36 | |
| 不懂带团队,你就自己累=Without leadership to a team, you could never be a smart manager/秋泉编著.-长春:吉林文史出版社,2018 |
| 258页;21cm.-(微阅读) |
| ISBN 978-7-5472-5242-0:CNY35.00 |
| 如何提高团队执行力,是所有管理者关心的问题。团队管理百万畅销书作者在2014年畅销的团队管理书《不会带团队,你就自己累》一书的基础上,重点讲述了团队高效执行的9个管理方法,手把手教你提高团队执行力。 |
| ● |
| 相关链接 |
|
|
|
正题名:不懂带团队,你就自己累
索取号:C936/36
 
预约/预借
| 序号 | 登录号 | 条形码 | 馆藏地/架位号 | 状态 | 备注 |
| 1 | 2000875880 | 2000875880 | 第二书库/ [索取号:C936/36] | 在馆 | |
| 2 | 2000875881 | 2000875881 | 第二书库/ [索取号:C936/36] | 在馆 | |
| 3 | 2000875882 | 2000875882 | 第二书库/ [索取号:C936/36] | 在馆 |